[Event "EYCC 2024 - O14"]
[Site "?"]
[Date "2024.08.23"]
[Round "2.1"]
[White "Boulos, Paul"]
[Black "Finek, Vaclav"]
[Result "1/2-1/2"]
[BlackElo "2467"]
[WhiteElo "2083"]
[LiveChessVersion "1.4.8"]

1. e4 {[%clk 1:30:57]} e5 {[%clk 1:30:56]} 2. Nf3 {[%clk 1:31:23]} Nc6
{[%clk 1:31:21]} 3. Bb5 {[%clk 1:31:35]} a6 {[%clk 1:31:45]} 4. Ba4
{[%clk 1:31:51]} Nf6 {[%clk 1:32:02]} 5. O-O {[%clk 1:32:03]} Be7
{[%clk 1:32:22]} 6. Re1 {[%clk 1:32:08]} b5 {[%clk 1:32:25]} 7. Bb3
{[%clk 1:32:31]} d6 {[%clk 1:32:20]} 8. c3 {[%clk 1:32:13]} O-O {[%clk 1:32:43]}
9. d4 {[%clk 1:32:37]} Bg4 {[%clk 1:32:53]} 10. Be3 {[%clk 1:32:58]} exd4
{[%clk 1:33:17]} 11. cxd4 {[%clk 1:32:57]} Na5 {[%clk 1:33:35]} 12. Bc2
{[%clk 1:32:58]} Nc4 {[%clk 1:33:54]} 13. Bc1 {[%clk 1:33:13]} c5
{[%clk 1:34:06]} 14. b3 {[%clk 1:33:15]} Nb6 {[%clk 1:34:29]} 15. h3
{[%clk 1:29:35]} Bxf3 {[%clk 1:31:07]} 16. Qxf3 {[%clk 1:29:04]} cxd4
{[%clk 1:28:34]} 17. Bb2 {[%clk 1:25:39]} Nfd7 {[%clk 1:14:35]} 18. Bxd4
{[%clk 1:23:06]} Rc8 {[%clk 1:10:50]} 19. Bd3 {[%clk 1:12:38]} Ne5
{[%clk 0:59:14]} 20. Qe2 {[%clk 1:02:59]} Bf6 {[%clk 0:51:46]} 21. Nd2
{[%clk 0:58:53]} Nc6 {[%clk 0:48:41]} 22. Bxf6 {[%clk 0:57:06]} Qxf6
{[%clk 0:49:06]} 23. Nf3 {[%clk 0:53:36]} Nd7 {[%clk 0:41:06]} 24. a4
{[%clk 0:48:34]} Nc5 {[%clk 0:33:15]} 25. axb5 {[%clk 0:44:12]} Nxd3
{[%clk 0:20:37]} 26. Qxd3 {[%clk 0:43:25]} Nb4 {[%clk 0:21:02]} 27. Qd4
{[%clk 0:38:29]} Nc2 {[%clk 0:21:23]} 28. Qxf6 {[%clk 0:38:45]} gxf6
{[%clk 0:21:49]} 29. bxa6 {[%clk 0:38:25]} Ra8 {[%clk 0:17:32]} 30. Rec1
{[%clk 0:28:44]} Nxa1 {[%clk 0:17:42]} 31. Rxa1 {[%clk 0:29:12]} Rfb8
{[%clk 0:14:11]} 32. Nd4 {[%clk 0:26:37]} Kf8 {[%clk 0:09:35]} 33. Nf5
{[%clk 0:15:11]} Rxb3 {[%clk 0:05:32]} 34. Nxd6 {[%clk 0:15:17]} Rb6
{[%clk 0:05:45]} 35. Nf5 {[%clk 0:15:28]} Rbxa6 {[%clk 0:06:01]} 36. Rxa6
{[%clk 0:15:54]} Rxa6 {[%clk 0:06:26]} 37. f3 {[%clk 0:15:55]} Ra2
{[%clk 0:06:26]} 38. Kh2 {[%clk 0:16:09]} Ke8 {[%clk 0:06:10]} 39. Kg3
{[%clk 0:16:04]} Kd7 {[%clk 0:06:15]} 40. h4 {[%clk 0:15:11]} Ke6
{[%clk 0:06:05]} 41. Ng7+ {[%clk 0:14:40]} Ke5 {[%clk 0:06:14]} 42. Nf5
{[%clk 0:14:45]} Rb2 {[%clk 0:05:07]} 43. Nh6 {[%clk 0:14:24]} Ke6
{[%clk 0:03:30]} 44. Nf5 {[%clk 0:14:06]} Ra2 {[%clk 0:02:34]} 45. Ng7+
{[%clk 0:14:25]} Ke5 {[%clk 0:02:15]} 46. Nf5 {[%clk 0:14:43]} Rb2
{[%clk 0:01:44]} 47. Nh6 {[%clk 0:14:58]} Ke6 {[%clk 0:01:49]} 1/2-1/2

[Event "EYCC 2024 - O14"]
[Site "?"]
[Date "2024.08.23"]
[Round "2.2"]
[White "Sowinski, Pawel"]
[Black "Senel, Hayri Beyhun"]
[Result "1-0"]
[BlackElo "2084"]
[WhiteElo "2463"]
[LiveChessVersion "1.4.8"]

1. e4 {[%clk 1:30:59]} e6 {[%clk 1:30:30]} 2. d3 {[%clk 1:30:00]} d5
{[%clk 1:30:49]} 3. Nd2 {[%clk 1:30:21]} c5 {[%clk 1:26:11]} 4. Ngf3
{[%clk 1:30:44]} Nc6 {[%clk 1:26:04]} 5. g3 {[%clk 1:31:09]} Nf6 {[%clk 1:20:19]}
6. Bg2 {[%clk 1:31:37]} Be7 {[%clk 1:20:34]} 7. O-O {[%clk 1:31:49]} O-O
{[%clk 1:19:15]} 8. Re1 {[%clk 1:32:07]} Qc7 {[%clk 1:16:55]} 9. c3
{[%clk 1:29:57]} b6 {[%clk 1:12:35]} 10. Nf1 {[%clk 1:08:12]} dxe4
{[%clk 0:57:24]} 11. dxe4 {[%clk 1:08:41]} Bb7 {[%clk 0:56:01]} 12. e5
{[%clk 1:07:18]} Rfd8 {[%clk 0:52:41]} 13. Qa4 {[%clk 1:06:29]} Nd7
{[%clk 0:52:39]} 14. Bf4 {[%clk 1:01:18]} Nf8 {[%clk 0:50:10]} 15. h4
{[%clk 1:01:10]} Ng6 {[%clk 0:45:27]} 16. h5 {[%clk 0:58:52]} Nxf4
{[%clk 0:45:36]} 17. Qxf4 {[%clk 0:59:20]} f5 {[%clk 0:37:44]} 18. Ne3
{[%clk 0:53:41]} Rf8 {[%clk 0:29:58]} 19. Nc4 {[%clk 0:50:30]} Rad8
{[%clk 0:28:37]} 20. Ng5 {[%clk 0:48:41]} Bxg5 {[%clk 0:25:43]} 21. Qxg5
{[%clk 0:49:10]} Ne7 {[%clk 0:23:40]} 22. Bxb7 {[%clk 0:45:00]} Qxb7
{[%clk 0:23:29]} 23. Nd6 {[%clk 0:45:29]} Qc7 {[%clk 0:23:38]} 24. Rad1
{[%clk 0:45:37]} Nd5 {[%clk 0:12:57]} 25. c4 {[%clk 0:44:53]} Qe7
{[%clk 0:12:27]} 26. Qxe7 {[%clk 0:40:11]} Nxe7 {[%clk 0:12:55]} 27. f4
{[%clk 0:40:24]} Nc6 {[%clk 0:11:25]} 28. Kf2 {[%clk 0:40:33]} Nd4
{[%clk 0:11:14]} 29. Rd2 {[%clk 0:40:39]} a6 {[%clk 0:09:36]} 30. b4
{[%clk 0:39:28]} Rb8 {[%clk 0:09:25]} 31. Rb1 {[%clk 0:39:42]} a5
{[%clk 0:07:25]} 32. bxc5 {[%clk 0:38:00]} bxc5 {[%clk 0:07:53]} 33. Rb7
{[%clk 0:37:02]} Rxb7 {[%clk 0:06:49]} 34. Nxb7 {[%clk 0:37:30]} Rc8
{[%clk 0:07:17]} 35. Nxc5 {[%clk 0:37:06]} Rxc5 {[%clk 0:07:42]} 36. Rxd4
{[%clk 0:37:31]} Kf7 {[%clk 0:08:07]} 37. Ke3 {[%clk 0:37:55]} Ke7
{[%clk 0:08:29]} 38. Kd3 {[%clk 0:38:19]} Rc6 {[%clk 0:08:52]} 39. Kc3
{[%clk 0:38:41]} Rb6 {[%clk 0:08:55]} 40. c5 {[%clk 0:37:33]} Rb1
{[%clk 0:09:23]} 41. Rd6 {[%clk 0:35:59]} Rc1+ {[%clk 0:08:24]} 42. Kd4
{[%clk 0:36:27]} Rc2 {[%clk 0:08:15]} 43. a3 {[%clk 0:35:15]} Rc1
{[%clk 0:06:34]} 44. Ra6 {[%clk 0:35:24]} Kd7 {[%clk 0:06:51]} 45. Rxa5
{[%clk 0:35:54]} Rd1+ {[%clk 0:07:12]} 46. Ke3 {[%clk 0:28:06]} Re1+
{[%clk 0:05:46]} 47. Kf3 {[%clk 0:27:06]} Rf1+ {[%clk 0:06:06]} 48. Kg2
{[%clk 0:27:32]} 1-0

[Event "EYCC 2024 - O14"]
[Site "?"]
[Date "2024.08.23"]
[Round "2.3"]
[White "Lehocz, Jozsef Jr."]
[Black "Dotzer, Lukas"]
[Result "1/2-1/2"]
[BlackElo "2391"]
[WhiteElo "2069"]
[LiveChessVersion "1.4.8"]

1. e4 {[%clk 1:30:51]} c5 {[%clk 1:30:55]} 2. Nf3 {[%clk 1:30:51]} d6
{[%clk 1:30:47]} 3. c3 {[%clk 1:30:20]} Nf6 {[%clk 1:31:02]} 4. Be2
{[%clk 1:29:26]} g6 {[%clk 1:29:55]} 5. O-O {[%clk 1:29:12]} Bg7 {[%clk 1:30:09]}
6. Bb5+ {[%clk 1:28:14]} Bd7 {[%clk 1:28:05]} 7. Bxd7+ {[%clk 1:26:21]} Qxd7
{[%clk 1:28:05]} 8. Re1 {[%clk 1:23:44]} O-O {[%clk 1:26:31]} 9. d4
{[%clk 1:20:06]} cxd4 {[%clk 1:25:36]} 10. cxd4 {[%clk 1:19:05]} d5
{[%clk 1:25:00]} 11. e5 {[%clk 1:16:22]} Ne4 {[%clk 1:25:16]} 12. Nbd2
{[%clk 1:14:40]} Nxd2 {[%clk 1:22:25]} 13. Bxd2 {[%clk 1:14:22]} Nc6
{[%clk 1:20:55]} 14. Qb3 {[%clk 1:11:03]} Rfc8 {[%clk 1:14:26]} 15. Rac1
{[%clk 1:08:57]} Nd8 {[%clk 1:09:38]} 16. g3 {[%clk 0:51:43]} Ne6
{[%clk 1:00:57]} 17. Kg2 {[%clk 0:50:58]} a6 {[%clk 0:49:45]} 18. h4
{[%clk 0:42:11]} h5 {[%clk 0:44:07]} 19. Be3 {[%clk 0:39:10]} Bf8
{[%clk 0:39:02]} 20. Red1 {[%clk 0:37:07]} b5 {[%clk 0:32:08]} 21. Qa3
{[%clk 0:29:32]} Qb7 {[%clk 0:30:02]} 22. Qa5 {[%clk 0:28:44]} Ng7
{[%clk 0:24:53]} 23. Bh6 {[%clk 0:22:33]} e6 {[%clk 0:22:40]} 24. Bxg7
{[%clk 0:20:57]} Kxg7 {[%clk 0:21:12]} 25. Ne1 {[%clk 0:20:29]} Rc4
{[%clk 0:17:01]} 26. Qd2 {[%clk 0:15:12]} Rac8 {[%clk 0:14:36]} 27. b3
{[%clk 0:14:14]} R4c6 {[%clk 0:11:21]} 28. Nd3 {[%clk 0:12:44]} b4
{[%clk 0:01:45]} 29. Rxc6 {[%clk 0:12:19]} Rxc6 {[%clk 0:01:19]} 30. Rc1
{[%clk 0:12:25]} Rxc1 {[%clk 0:01:02]} 31. Qxc1 {[%clk 0:10:17]} Qb6
{[%clk 0:00:47]} 32. Qf4 {[%clk 0:09:43]} Be7 {[%clk 0:01:06]} 33. Ne1
{[%clk 0:09:02]} Qa5 {[%clk 0:00:45]} 34. Qd2 {[%clk 0:07:54]} Qb5
{[%clk 0:00:42]} 35. Nf3 {[%clk 0:06:50]} Qc6 {[%clk 0:00:44]} 36. Qf4
{[%clk 0:05:57]} 1/2-1/2

[Event "EYCC 2024 - O14"]
[Site "?"]
[Date "2024.08.23"]
[Round "2.4"]
[White "Ilinca, Felix-Antonio"]
[Black "Auribault, Louis"]
[Result "1-0"]
[BlackElo "2081"]
[WhiteElo "2386"]
[LiveChessVersion "1.4.8"]

1. e4 {[%clk 1:30:32]} e5 {[%clk 1:30:55]} 2. Nf3 {[%clk 1:30:39]} Nc6
{[%clk 1:31:15]} 3. Bc4 {[%clk 1:30:51]} Nf6 {[%clk 1:31:01]} 4. d3
{[%clk 1:31:00]} Bc5 {[%clk 1:30:58]} 5. Bg5 {[%clk 1:31:03]} h6 {[%clk 1:28:44]}
6. Bh4 {[%clk 1:31:19]} d6 {[%clk 1:29:08]} 7. c3 {[%clk 1:31:28]} a6
{[%clk 1:28:58]} 8. Nbd2 {[%clk 1:31:36]} Qe7 {[%clk 1:28:57]} 9. O-O
{[%clk 1:31:27]} Ba7 {[%clk 1:25:03]} 10. a4 {[%clk 1:28:53]} g5 {[%clk 1:24:38]}
11. Bg3 {[%clk 1:29:03]} Nh7 {[%clk 1:23:50]} 12. b4 {[%clk 1:20:22]} Nf8
{[%clk 1:23:03]} 13. b5 {[%clk 1:15:29]} Nd8 {[%clk 1:19:43]} 14. bxa6
{[%clk 1:06:26]} bxa6 {[%clk 1:19:09]} 15. d4 {[%clk 0:53:00]} Ng6
{[%clk 1:18:36]} 16. dxe5 {[%clk 0:49:04]} dxe5 {[%clk 1:18:47]} 17. h3
{[%clk 0:48:29]} h5 {[%clk 1:17:20]} 18. Bd5 {[%clk 0:48:04]} c6 {[%clk 1:14:24]}
19. Ba2 {[%clk 0:47:06]} g4 {[%clk 1:06:11]} 20. hxg4 {[%clk 0:47:19]} Bxg4
{[%clk 0:59:11]} 21. Nc4 {[%clk 0:47:05]} O-O {[%clk 0:58:22]} 22. Qd3
{[%clk 0:39:43]} Bb8 {[%clk 0:50:28]} 23. Ne3 {[%clk 0:33:32]} Bxf3
{[%clk 0:49:49]} 24. Nf5 {[%clk 0:33:25]} Qg5 {[%clk 0:48:13]} 25. Qxf3
{[%clk 0:33:35]} Ne6 {[%clk 0:46:37]} 26. Rfd1 {[%clk 0:29:34]} h4
{[%clk 0:41:58]} 27. Bh2 {[%clk 0:29:28]} Ngf4 {[%clk 0:40:11]} 28. Kh1
{[%clk 0:27:39]} Ba7 {[%clk 0:38:17]} 29. Rd7 {[%clk 0:22:12]} Rfd8
{[%clk 0:24:46]} 30. Bxe6 {[%clk 0:20:11]} fxe6 {[%clk 0:21:59]} 31. Bxf4
{[%clk 0:18:33]} exf4 {[%clk 0:21:18]} 32. Rg7+ {[%clk 0:18:43]} Qxg7
{[%clk 0:21:46]} 33. Nxg7 {[%clk 0:19:05]} Kxg7 {[%clk 0:21:54]} 34. Qxf4
{[%clk 0:18:50]} Rf8 {[%clk 0:22:02]} 35. Qg5+ {[%clk 0:18:35]} Kh7
{[%clk 0:19:33]} 36. Rd1 {[%clk 0:17:49]} Rf7 {[%clk 0:19:32]} 37. Qxh4+
{[%clk 0:17:41]} Kg7 {[%clk 0:19:16]} 38. Qg5+ {[%clk 0:17:59]} Kh8
{[%clk 0:18:18]} 39. Rd8+ {[%clk 0:18:16]} Rxd8 {[%clk 0:18:47]} 40. Qxd8+
{[%clk 0:18:36]} Kg7 {[%clk 0:19:05]} 41. f4 {[%clk 0:18:43]} Bf2
{[%clk 0:18:35]} 42. g3 {[%clk 0:18:41]} Rb7 {[%clk 0:16:24]} 43. Qc8
{[%clk 0:17:29]} Rb1+ {[%clk 0:14:56]} 44. Kg2 {[%clk 0:17:48]} Be1
{[%clk 0:15:18]} 45. Qxc6 {[%clk 0:17:46]} Rb2+ {[%clk 0:15:43]} 46. Kh3
{[%clk 0:17:53]} Rc2 {[%clk 0:16:08]} 47. Qxe6 {[%clk 0:17:35]} Rxc3
{[%clk 0:16:32]} 48. Qe7+ {[%clk 0:17:40]} Kg8 {[%clk 0:16:19]} 49. Qg5+
{[%clk 0:18:01]} Kf7 {[%clk 0:16:43]} 50. f5 {[%clk 0:18:00]} Rxg3+
{[%clk 0:14:56]} 51. Qxg3 {[%clk 0:18:22]} Bxg3 {[%clk 0:15:20]} 52. Kxg3
{[%clk 0:18:46]} Kf6 {[%clk 0:15:46]} 53. Kf4 {[%clk 0:19:10]} a5
{[%clk 0:16:13]} 54. e5+ {[%clk 0:19:34]} 1-0

[Event "EYCC 2024 - O14"]
[Site "?"]
[Date "2024.08.23"]
[Round "2.5"]
[White "Alizada, Pasham"]
[Black "Cieslak, Patryk"]
[Result "0-1"]
[BlackElo "2374"]
[WhiteElo "2066"]
[LiveChessVersion "1.4.8"]

1. e4 {[%clk 1:30:56]} c5 {[%clk 1:30:48]} 2. Nf3 {[%clk 1:31:23]} d6
{[%clk 1:31:14]} 3. d4 {[%clk 1:31:50]} cxd4 {[%clk 1:31:41]} 4. Nxd4
{[%clk 1:32:18]} Nf6 {[%clk 1:32:05]} 5. Nc3 {[%clk 1:32:46]} a6 {[%clk 1:32:19]}
6. f4 {[%clk 1:33:13]} e5 {[%clk 1:30:18]} 7. Nb3 {[%clk 1:33:33]} Bd7
{[%clk 1:23:24]} 8. Be2 {[%clk 1:27:40]} Be7 {[%clk 1:13:30]} 9. Be3
{[%clk 1:21:13]} O-O {[%clk 1:05:10]} 10. f5 {[%clk 1:20:03]} b5 {[%clk 0:58:11]}
11. a3 {[%clk 1:15:03]} Bc6 {[%clk 0:54:34]} 12. Bf3 {[%clk 1:11:37]} Nbd7
{[%clk 0:51:53]} 13. g4 {[%clk 0:59:37]} Nb6 {[%clk 0:42:22]} 14. Na5
{[%clk 0:59:13]} Rc8 {[%clk 0:41:50]} 15. g5 {[%clk 0:51:05]} Nfd7
{[%clk 0:39:48]} 16. Rg1 {[%clk 0:46:18]} Kh8 {[%clk 0:38:25]} 17. h4
{[%clk 0:27:32]} Ba8 {[%clk 0:35:42]} 18. f6 {[%clk 0:22:38]} gxf6
{[%clk 0:32:55]} 19. Qd2 {[%clk 0:19:52]} f5 {[%clk 0:28:36]} 20. exf5
{[%clk 0:12:43]} Bxf3 {[%clk 0:27:56]} 21. Rf1 {[%clk 0:12:48]} Rxc3
{[%clk 0:19:25]} 22. bxc3 {[%clk 0:11:47]} Qa8 {[%clk 0:19:28]} 23. Qf2
{[%clk 0:08:17]} Bg2 {[%clk 0:17:20]} 24. Rg1 {[%clk 0:08:44]} Nd5
{[%clk 0:16:33]} 25. f6 {[%clk 0:09:05]} Bd8 {[%clk 0:16:20]} 26. Qxg2
{[%clk 0:08:58]} Bxa5 {[%clk 0:16:26]} 27. O-O-O {[%clk 0:09:10]} Nxe3
{[%clk 0:15:57]} 28. Qxa8 {[%clk 0:09:36]} Rxa8 {[%clk 0:16:25]} 29. Rxd6
{[%clk 0:10:05]} Nf8 {[%clk 0:16:30]} 30. h5 {[%clk 0:10:30]} Nc4
{[%clk 0:16:34]} 31. Rc6 {[%clk 0:10:42]} Bb6 {[%clk 0:16:42]} 32. Rg4
{[%clk 0:11:04]} Kg8 {[%clk 0:16:17]} 33. a4 {[%clk 0:11:27]} Rd8
{[%clk 0:16:03]} 34. axb5 {[%clk 0:10:51]} axb5 {[%clk 0:16:25]} 35. h6
{[%clk 0:11:15]} Be3+ {[%clk 0:16:44]} 36. Kb1 {[%clk 0:11:43]} e4
{[%clk 0:17:04]} 37. Rc7 {[%clk 0:12:05]} Bb6 {[%clk 0:17:00]} 38. g6
{[%clk 0:12:30]} Bxc7 {[%clk 0:16:48]} 39. g7 {[%clk 0:12:58]} Nd7
{[%clk 0:17:08]} 40. Rg6 {[%clk 0:13:20]} Nc5 {[%clk 0:17:25]} 0-1

[Event "EYCC 2024 - O14"]
[Site "?"]
[Date "2024.08.23"]
[Round "2.6"]
[White "Brzezina, Piotr"]
[Black "Sandmann, Villads Majvang"]
[Result "0-1"]
[BlackElo "2068"]
[WhiteElo "2341"]
[LiveChessVersion "1.4.8"]

1. e4 {[%clk 1:29:42]} c5 {[%clk 1:30:55]} 2. Nf3 {[%clk 1:30:08]} d6
{[%clk 1:31:21]} 3. d4 {[%clk 1:30:33]} cxd4 {[%clk 1:31:47]} 4. Nxd4
{[%clk 1:30:59]} Nf6 {[%clk 1:32:08]} 5. Nc3 {[%clk 1:31:25]} a6 {[%clk 1:32:33]}
6. Be3 {[%clk 1:31:43]} e5 {[%clk 1:32:57]} 7. Nb3 {[%clk 1:32:08]} Be7
{[%clk 1:33:22]} 8. f3 {[%clk 1:32:30]} Be6 {[%clk 1:33:42]} 9. Qd2
{[%clk 1:32:54]} h5 {[%clk 1:34:06]} 10. Nd5 {[%clk 1:31:59]} Nxd5
{[%clk 1:34:29]} 11. exd5 {[%clk 1:32:23]} Bf5 {[%clk 1:34:54]} 12. Be2
{[%clk 1:32:33]} a5 {[%clk 1:34:33]} 13. a4 {[%clk 1:28:46]} O-O {[%clk 1:34:50]}
14. O-O {[%clk 1:29:01]} Nd7 {[%clk 1:34:35]} 15. f4 {[%clk 1:25:45]} exf4
{[%clk 1:31:55]} 16. Bxf4 {[%clk 1:25:39]} Rc8 {[%clk 1:31:19]} 17. c4
{[%clk 1:03:21]} Qb6+ {[%clk 1:10:40]} 18. Nd4 {[%clk 0:42:42]} Bg6
{[%clk 0:59:46]} 19. Be3 {[%clk 0:40:37]} Nc5 {[%clk 0:48:56]} 20. Nb5
{[%clk 0:31:08]} Qd8 {[%clk 0:40:30]} 21. Ra3 {[%clk 0:24:14]} Bf6
{[%clk 0:34:46]} 22. Bf4 {[%clk 0:23:04]} Ne4 {[%clk 0:32:28]} 23. Qc1
{[%clk 0:20:35]} Re8 {[%clk 0:22:10]} 24. Bd3 {[%clk 0:14:20]} Be5
{[%clk 0:18:50]} 25. Bxe4 {[%clk 0:04:25]} Bxe4 {[%clk 0:15:06]} 26. Bxe5
{[%clk 0:03:42]} Rxe5 {[%clk 0:15:19]} 27. Rc3 {[%clk 0:03:55]} Qb6+
{[%clk 0:06:59]} 28. Kh1 {[%clk 0:01:38]} Rce8 {[%clk 0:05:54]} 29. Qd2
{[%clk 0:01:57]} Bg6 {[%clk 0:04:50]} 30. Qd4 {[%clk 0:01:33]} Qd8
{[%clk 0:03:17]} 31. Rcc1 {[%clk 0:00:58]} Re2 {[%clk 0:02:58]} 32. Qf4
{[%clk 0:00:51]} R8e5 {[%clk 0:02:34]} 33. Nc3 {[%clk 0:00:32]} Rxb2
{[%clk 0:02:22]} 34. Rce1 {[%clk 0:00:39]} Rf5 {[%clk 0:01:14]} 35. Qe3
{[%clk 0:00:34]} Rxf1+ {[%clk 0:01:18]} 36. Rxf1 {[%clk 0:01:03]} Qh4
{[%clk 0:01:13]} 37. Rf4 {[%clk 0:00:32]} Qg5 {[%clk 0:01:03]} 38. g3
{[%clk 0:00:58]} Rc2 {[%clk 0:00:47]} 39. h4 {[%clk 0:00:37]} Qd8
{[%clk 0:00:58]} 40. Nb5 {[%clk 0:00:35]} Qd7 41. Rf2 {[%clk 0:00:44]} Rxc4
{[%clk 0:00:49]} 42. Kh2 {[%clk 0:00:39]} Rxa4 {[%clk 0:00:54]} 43. Nxd6
{[%clk 0:00:47]} Rb4 {[%clk 0:00:37]} 44. Qc5 {[%clk 0:00:53]} Rb3
{[%clk 0:00:35]} 45. Rd2 {[%clk 0:00:31]} a4 {[%clk 0:00:38]} 46. Nc4
{[%clk 0:00:31]} Qg4 47. Qf2 {[%clk 0:00:32]} Bf5 {[%clk 0:00:46]} 48. Ne3
{[%clk 0:00:34]} Qh3+ {[%clk 0:01:12]} 49. Kg1 {[%clk 0:01:01]} Be4
{[%clk 0:01:01]} 50. Qf4 {[%clk 0:00:35]} Rb1+ {[%clk 0:01:10]} 51. Nd1
{[%clk 0:00:41]} Rxd1+ {[%clk 0:01:30]} 0-1

[Event "EYCC 2024 - O14"]
[Site "?"]
[Date "2024.08.23"]
[Round "2.7"]
[White "Kurt, Sascha"]
[Black "Marin Ferragut, Pau"]
[Result "1-0"]
[BlackElo "2338"]
[WhiteElo "2064"]
[LiveChessVersion "1.4.8"]

1. e4 {[%clk 1:30:54]} c5 {[%clk 1:30:23]} 2. Nf3 {[%clk 1:31:19]} d6
{[%clk 1:30:32]} 3. d4 {[%clk 1:31:43]} cxd4 {[%clk 1:30:43]} 4. Nxd4
{[%clk 1:32:07]} Nf6 {[%clk 1:31:05]} 5. Nc3 {[%clk 1:32:31]} a6 {[%clk 1:31:30]}
6. h3 {[%clk 1:32:50]} g6 {[%clk 1:28:57]} 7. Be3 {[%clk 1:32:53]} Bg7
{[%clk 1:28:45]} 8. Be2 {[%clk 1:16:22]} Nbd7 {[%clk 1:26:24]} 9. f4
{[%clk 1:13:30]} b5 {[%clk 1:14:47]} 10. Bf3 {[%clk 1:09:04]} e5 {[%clk 1:15:10]}
11. Nb3 {[%clk 1:05:18]} Qc7 {[%clk 1:12:10]} 12. O-O {[%clk 0:57:05]} Bb7
{[%clk 1:11:14]} 13. Qd2 {[%clk 0:42:19]} b4 {[%clk 1:02:33]} 14. Nd5
{[%clk 0:42:30]} Nxd5 {[%clk 1:01:38]} 15. exd5 {[%clk 0:42:53]} a5
{[%clk 1:02:02]} 16. c3 {[%clk 0:34:06]} a4 {[%clk 0:58:33]} 17. Nc1
{[%clk 0:34:21]} bxc3 {[%clk 0:52:28]} 18. bxc3 {[%clk 0:32:45]} exf4
{[%clk 0:43:49]} 19. Bd4 {[%clk 0:31:31]} Bxd4+ {[%clk 0:37:24]} 20. cxd4
{[%clk 0:30:53]} O-O {[%clk 0:33:44]} 21. Ne2 {[%clk 0:27:53]} Nf6
{[%clk 0:24:33]} 22. Rac1 {[%clk 0:23:02]} Qa5 {[%clk 0:24:26]} 23. Qxf4
{[%clk 0:22:58]} Nxd5 {[%clk 0:24:45]} 24. Qxd6 {[%clk 0:23:08]} Rad8
{[%clk 0:24:32]} 25. Qc5 {[%clk 0:22:04]} Qd2 {[%clk 0:23:23]} 26. Qb5
{[%clk 0:20:07]} Ba8 {[%clk 0:22:48]} 27. Rfd1 {[%clk 0:16:36]} Qe3+
{[%clk 0:21:24]} 28. Kh2 {[%clk 0:15:36]} Qe7 {[%clk 0:19:45]} 29. Rd3
{[%clk 0:09:51]} Qh4 {[%clk 0:17:04]} 30. Rc5 {[%clk 0:06:43]} Nf4
{[%clk 0:12:03]} 31. Nxf4 {[%clk 0:05:24]} Qxf4+ {[%clk 0:12:18]} 32. g3
{[%clk 0:05:41]} Qf6 {[%clk 0:12:16]} 33. Bxa8 {[%clk 0:04:54]} Rxa8
{[%clk 0:12:45]} 34. Rd2 {[%clk 0:04:42]} Rab8 {[%clk 0:09:18]} 35. Qd3
{[%clk 0:04:49]} Rfe8 {[%clk 0:09:26]} 36. Rc1 {[%clk 0:04:20]} Qg5
{[%clk 0:09:22]} 37. h4 {[%clk 0:04:18]} Qd5 {[%clk 0:08:32]} 38. Qc4
{[%clk 0:03:16]} Qd7 {[%clk 0:07:47]} 39. Qc6 {[%clk 0:03:01]} Qe7
{[%clk 0:07:47]} 40. Qxa4 {[%clk 0:03:12]} Qe3 {[%clk 0:07:16]} 41. Qc2
{[%clk 0:03:30]} Rbc8 {[%clk 0:06:38]} 42. Qd1 {[%clk 0:03:35]} Ra8
{[%clk 0:05:34]} 43. Rcc2 {[%clk 0:03:51]} Ra3 {[%clk 0:05:34]} 44. Rg2
{[%clk 0:03:52]} Rd8 {[%clk 0:05:27]} 45. Rcd2 {[%clk 0:03:43]} h5
{[%clk 0:04:04]} 46. d5 {[%clk 0:03:54]} Qe5 {[%clk 0:04:16]} 47. d6
{[%clk 0:03:44]} Re3 {[%clk 0:04:03]} 48. Rde2 {[%clk 0:03:48]} Rxe2
{[%clk 0:03:01]} 49. Rxe2 {[%clk 0:04:13]} Qxd6 {[%clk 0:02:26]} 50. Re8+
{[%clk 0:04:39]} 1-0

[Event "EYCC 2024 - O14"]
[Site "?"]
[Date "2024.08.23"]
[Round "2.8"]
[White "Balint, Peter"]
[Black "Stickler, Florentin"]
[Result "0-1"]
[BlackElo "2061"]
[WhiteElo "2336"]
[LiveChessVersion "1.4.8"]

1. e4 {[%clk 1:30:59]} e5 {[%clk 1:30:51]} 2. Nf3 {[%clk 1:31:25]} Nc6
{[%clk 1:31:18]} 3. Bb5 {[%clk 1:31:50]} a6 {[%clk 1:31:45]} 4. Ba4
{[%clk 1:32:16]} Nf6 {[%clk 1:32:11]} 5. O-O {[%clk 1:32:40]} Be7
{[%clk 1:32:39]} 6. Re1 {[%clk 1:33:03]} b5 {[%clk 1:33:06]} 7. Bb3
{[%clk 1:33:29]} d6 {[%clk 1:33:33]} 8. a4 {[%clk 1:33:18]} Bg4 {[%clk 1:33:22]}
9. c3 {[%clk 1:32:25]} O-O {[%clk 1:32:05]} 10. h3 {[%clk 1:32:19]} Bh5
{[%clk 1:31:54]} 11. g4 {[%clk 1:28:40]} Bg6 {[%clk 1:30:59]} 12. d4
{[%clk 1:28:49]} exd4 {[%clk 1:29:34]} 13. cxd4 {[%clk 1:28:41]} Na5
{[%clk 1:25:55]} 14. Bc2 {[%clk 1:27:21]} d5 {[%clk 1:20:40]} 15. e5
{[%clk 0:47:24]} Ne4 {[%clk 1:20:41]} 16. Nbd2 {[%clk 0:42:24]} f5
{[%clk 1:15:15]} 17. exf6 {[%clk 0:37:42]} Bxf6 {[%clk 1:14:56]} 18. Nxe4
{[%clk 0:27:19]} dxe4 {[%clk 1:15:11]} 19. Bxe4 {[%clk 0:26:21]} Bxe4
{[%clk 1:15:33]} 20. Rxe4 {[%clk 0:26:43]} Qd5 {[%clk 1:15:28]} 21. Re3
{[%clk 0:24:45]} h5 {[%clk 1:00:19]} 22. axb5 {[%clk 0:19:54]} Nc4
{[%clk 0:58:56]} 23. Rd3 {[%clk 0:18:57]} hxg4 {[%clk 0:58:04]} 24. hxg4
{[%clk 0:19:15]} Qe4 {[%clk 0:56:38]} 25. Nh2 {[%clk 0:17:41]} Rad8
{[%clk 0:54:17]} 26. Be3 {[%clk 0:10:26]} Be5 {[%clk 0:52:54]} 27. Nf1
{[%clk 0:08:14]} Rf3 {[%clk 0:51:55]} 28. dxe5 {[%clk 0:05:12]} Rxd3
{[%clk 0:51:20]} 29. Qc1 {[%clk 0:04:09]} Qxg4+ {[%clk 0:50:58]} 30. Kh1
{[%clk 0:04:24]} Rdxe3 {[%clk 0:49:59]} 31. Nh2 {[%clk 0:02:59]} Rh3
{[%clk 0:50:09]} 32. Qf1 {[%clk 0:00:57]} Qh4 {[%clk 0:49:14]} 0-1